000 00563nam a2200205Ia 4500
001 5123
003 GE_BSU
008 181216s||||||||xx |||||||||||||| ||und||
040 _cGE_BSU
080 _a628.1(075.8)
100 _aშარაშენიძე,ელ.
245 _aწყამომარაგება.
245 _bსახელმძღვ.
260 _aთბ.
260 _bგანათლება.
260 _c1967.
300 _a600გვ;ილ;27სმ.
653 _aწყამომარაგება.
942 _cBK
999 _c38774
_d38774